Heat and mass transfer (Record no. 5861)

000 -LEADER
fixed length control field 00529nam a2200205 4500
001 - CONTROL NUMBER
control field 5861
003 - CONTROL NUMBER IDENTIFIER
control field BD-DhUET
008 - FIXED-LENGTH DATA ELEMENTS--GENERAL INFORMATION
fixed length control field 700409m19679999is a b 000 0 eng
040 ## - CATALOGING SOURCE
Original cataloging agency DLC
Transcribing agency DLC
Modifying agency BD-DhUET
082 00 - DEWEY DECIMAL CLASSIFICATION NUMBER
Classification number 621.011
Item number ECK/1959
100 ## - MAIN ENTRY--PERSONAL NAME
Personal name Eckert, R. R. G.
245 00 - TITLE STATEMENT
Title Heat and mass transfer
250 ## - EDITION STATEMENT
Edition statement 2nd ed.
260 ## - PUBLICATION, DISTRIBUTION, ETC. (IMPRINT)
Place of publication, distribution, etc. New York
Name of publisher, distributor, etc. McGraw-Hill
Date of publication, distribution, etc. 1959
300 ## - PHYSICAL DESCRIPTION
Extent xiv, 530p.
490 1# - SERIES STATEMENT
Series statement McGraw-Hill series in mechanical engineering
650 #0 - SUBJECT ADDED ENTRY--TOPICAL TERM
Topical term or geographic name as entry element Heat-Transmission
700 ## - ADDED ENTRY--PERSONAL NAME
Personal name Drake, Robert M.
942 ## - ADDED ENTRY ELEMENTS (KOHA)
Koha item type General Book
Holdings
Koha issues (times borrowed) Piece designation (barcode) Koha date last borrowed Lost status Sublocation or collection (holding branch) Date acquired Price effective from Withdrawn status Shelving location Koha item type Source of classification or shelving scheme Koha full call number Damaged status Not for loan Koha date last seen Location (home branch) Copy number Koha normalized classification for sorting
 36668  Central Library, BUET2014-11-292014-11-29 Circulation sectionGeneral Book 621.011/ECK/1959  2014-11-29Central Library, BUET 621_011000000000000_ECK_1959
 14884  Central Library, BUET2014-12-032014-12-03 Circulation sectionGeneral Book 621.011/ECK/1959  2014-12-03Central Library, BUET2621_000000000000000_011ECK1959
 11302  Central Library, BUET2015-04-122015-04-12 Circulation sectionGeneral Book 621.011/ECK/1959  2015-04-12Central Library, BUET3621_011000000000000_ECK_1959
 31276  Central Library, BUET2015-04-122015-04-12 Circulation sectionGeneral Book 621.011/ECK/1959  2015-04-12Central Library, BUET4621_011000000000000_ECK_1959
 31274  Central Library, BUET2015-04-122015-04-12 Circulation sectionGeneral Book 621.011/ECK/1959  2015-04-12Central Library, BUET5621_011000000000000_ECK_1959
 31271  Central Library, BUET2015-04-122015-04-12 Circulation sectionGeneral Book 621.011/ECK/1959  2015-04-12Central Library, BUET6621_011000000000000_ECK_1959
 31272  Central Library, BUET2015-04-122015-04-12 Circulation sectionGeneral Book 621.011/ECK/1959  2015-04-12Central Library, BUET7621_011000000000000_ECK_1959
1312772020-03-02 Central Library, BUET2015-04-132015-04-13 Circulation sectionGeneral Book 621.011/ECK/1959  2021-11-28Central Library, BUET8621_011000000000000_ECK_1959
 11301  Central Library, BUET2015-04-132015-04-13 Circulation sectionGeneral Book 621.011/ECK/1959  2015-04-13Central Library, BUET9621_011000000000000_ECK_1959
 11303  Central Library, BUET2015-04-132015-04-13 Circulation sectionGeneral Book 621.011/ECK/1959  2015-04-13Central Library, BUET10621_011000000000000_ECK_1959
 24625  Central Library, BUET2015-04-132015-04-13 Circulation sectionGeneral Book 621.011/ECK/1959  2015-04-13Central Library, BUET11621_011000000000000_ECK_1959
 7652  Central Library, BUET2015-04-132015-04-13 Circulation sectionGeneral Book 621.011/ECK/1959  2015-04-13Central Library, BUET12621_011000000000000_ECK_1959
 24320  Central Library, BUET2015-04-132015-04-13 Circulation sectionGeneral Book 621.011/ECK/1959  2015-04-13Central Library, BUET13621_011000000000000_ECK_1959
 24976  Central Library, BUET2015-04-132015-04-13 Circulation sectionGeneral Book 621.011/ECK/1959  2015-04-13Central Library, BUET14621_011000000000000_ECK_1959
 31275  Central Library, BUET2015-04-132015-04-13 Circulation sectionGeneral Book 621.011/ECK/1959  2015-04-13Central Library, BUET15621_011000000000000_ECK_1959
 7655  Central Library, BUET2015-06-162015-06-16 Reading sectionGeneral Book 621.011/ECK/1959  2015-06-16Central Library, BUET16621_011000000000000_ECK_1959